Letecký průvodce. Díl I., Názvosloví - tabulky - ovzduší /

Hlavní autor: Brůha, Oldřich, 1905-1978
Další autoři: Felber, Viktor, 1880-1942, Smolař, Václav, 1903-1993
Jazyk: Čeština
Vydáno: Praha : Česká matice technická, 1937
Edice: Technický průvodce (Česká matice technická)
Externí odkaz: Digitalizovaný dokument
Fyzický popis: 292 s.
Knihy
Uloženo v:
LEADER 01442nam a2200313 a 4500
001 000662921
003 CZ BrMZK
005 20260325120247.0
007 ta
008 030325s1937 xr f cze d
015 |a cnb000745997 
035 |a (OCoLC)85570648 
040 |a BOA001  |b cze  |c BOA001 
100 1 |a Brůha, Oldřich,  |d 1905-1978  |7 jk01013297  |4 aut 
245 1 0 |a Letecký průvodce.  |n Díl I.,  |p Názvosloví - tabulky - ovzduší /  |c napsali Oldřich Brůha, Viktor Felber a Václav Smolař 
246 3 0 |a Názvosloví - tabulky - ovzduší 
260 |a Praha :  |b Česká matice technická,  |c 1937 
300 |a 292 s. 
490 1 |a Technický průvodce ;  |v sv. 18 
700 1 |a Felber, Viktor,  |d 1880-1942  |7 jk01030853  |4 aut 
700 1 |a Smolař, Václav,  |d 1903-1993  |7 jk01120110  |4 aut 
830 0 |a Technický průvodce (Česká matice technická)  |0 s 
856 4 1 |u http://www.digitalniknihovna.cz/mzk/uuid/uuid:95e5e3e0-6634-11e2-9d9f-005056827e52  |y Digitalizovaný dokument  |x NDK 
910 |a BOA001  |b TK-0015.991,18/1  |b TK-0020.625,18/1  |b TK-0021.187,18/1  |b 3-0056.339,181 
920 |a 000343113 
990 |a BK 
996 6 |b 2619879021  |c 3-0056.339,181  |l MZK  |r Sklad / do 1 hodiny  |n 2  |w 000662921  |u 000060  |a 1  |e BOA001  |j MZK50  |s P 
996 7 |b 2619981360  |c 3-0056.339,181  |l MZK  |r Sklad / do 1 hodiny  |n 0  |w 000662921  |u 000070  |a 1  |e BOA001  |j MZK50  |s A 
996 7 |b 2629947973  |c TK-0015.991,18/1  |l MZK  |r Sklad / do 24 hodin  |n 3  |w 000662921  |u 000010  |a 1  |e BOA001  |j MZK50  |s A